| 000 | 00805cam a2200253 a 4500 | ||
|---|---|---|---|
| 001 | 15936446 | ||
| 005 | 20130204150917.0 | ||
| 008 | 091008s2010 enka b 001 0 eng | ||
| 010 | _a 2009041887 | ||
| 020 | _a9780415480383 (hc) | ||
| 020 | _a9780415480390 (pbk.) | ||
| 020 | _a0415480388 (hc) | ||
| 020 | _a0415480396 (pbk.) | ||
| 082 | 0 | 0 |
_a330.96 _222 _bPOL |
| 245 | 0 | 4 |
_aThe Political Economy of Africa / _cedited by Vishnu Padayachee. |
| 260 |
_aLondon ; _aNew York : _bRoutledge, _c2010. |
||
| 300 |
_axviii, 435 p. : _bill. ; _c25 cm. |
||
| 504 | _aIncludes bibliographical references and index. | ||
| 651 | 0 |
_aAfrica _xEconomic policy. _932385 |
|
| 651 | 0 |
_aAfrica _xEconomic conditions. _932332 |
|
| 653 |
_bPol _cFebruary2013 |
||
| 700 | 1 |
_aPadayachee, Vishnu. _932386 |
|
| 942 |
_2ddc _cBB |
||
| 999 |
_c17224 _d17196 |
||